000 00661nam a2200205 a 4500
003 MX-MxUPN
005 20240913064026.0
008 991125s1909 mx r 000 0 spa d
035 _aUPN01000027044
040 _aMX-MxUPN
_bspa
_cMX-MxUPN
041 0 _aspa
050 1 4 _aLB1029 O5
_bT63 1909
100 1 _aTorres Quintero, Gregorio,
_d1866-1934
_929436
245 1 0 _aGuía práctica del método onomatopéyico-sintético de escritura-lectura
260 _aMéxico :
_bImpr. y Encuadernación de Guerrero Hermanos,
_c1909
300 _a94 páginas :
_bilustraciones
650 4 _aMétodo onomatopéyico
_917670
904 _aAC
_b027045
942 _2lcc
_cLIBRO
999 _c27044
_d27044